European Geography A-Z - Statistics

General Stats
  • This quiz has been taken 48,947 times
    48,911 since last reset
  • The average score is 19 of 26
Answer Stats
Clue Answer % Correct
A Capital and largest city of Greece Athens
99%
B Spanish host of the 1992 Olympics Barcelona
95%
E Famous landmark located in Paris Eiffel Tower
95%
O England's oldest university Oxford
93%
P Italian city of the Leaning Tower Pisa
92%
R Bucharest is its capital Romania
91%
M Sea separating Africa and Europe Mediterranean
88%
D River that flows through 10 countries Danube
86%
W One-fourth of the United Kingdom Wales
86%
G Bundesrepublik Deutschland Germany
85%
N Paris cathedral, meaning "Our Lady" Notre Dame
85%
U Country that owns Crimea? Ukraine
85%
L Hometown of the Beatles Liverpool
84%
T River that flows through London Thames
84%
I Spanish and Portuguese peninsula Iberia
81%
C Region in which the above is located Catalonia
80%
S Largest Mediterranean island Sicily
80%
Z Largest Swiss city Zürich
78%
V Capital of Malta Valletta
64%
F Néerlandophone portion of Belgium Flanders
63%
J Peninsula forming most of Denmark Jutland
57%
H Turkish museum, once a mosque, originally a church Hagia Sophia
46%
K Russian oblast that borders Poland Kaliningrad
43%
Y Russian city on the European border Yekaterinburg
24%
Q Palace of the Italian President {Quirinal} Palace
11%
X Greek city of 1,000 colors Xanthi
10%
No matching quizzes found
Score Distribution
Percent of People with Each Score
Percentile by Number Answered
Your Score History
You have not taken this quiz since the last reset